000 00326nam a2200121 4500
999 _c13212
_d13212
003 OSt
005 20250310162410.0
008 250310b ||||| |||| 00| 0 eng d
110 _aBureau of Indian standards
245 _aNational building code India-2005 Group2
260 _bBureau of Indian standards
_c2005
942 _2ddc